000 00662nam a2200289Ia 4500
005 20260324145414.0
008 008 260324s9999 xx 000 0 eng d
020 _a9781351077019
037 _aEBOOK
040 _aCRL
040 _beng
040 _cCRL
041 _2eng
041 _aeng
084 _qCRL
100 _aKenneth S. Dodgson
_91222848
245 0 _aSulfatases Of Microbial Origin
245 0 _bVolume 1
260 _bTaylor and Francis
260 _c1982
365 _a
365 _b300
856 _uhttp://www.taylorfrancis.com/books/9781351077019
942 _cEBOOK
999 _c1830705
_d1830705